| 000 | 00779nam a2200253Ia 4500 | ||
|---|---|---|---|
| 001 | Para_7894 | ||
| 003 | CHAP | ||
| 008 | 220125s9999 xx 000 0 und d | ||
| 010 | _a206843 | ||
| 040 | _cCHAP | ||
| 082 | _aPA-C 595.75 H4 | ||
| 100 |
_aKnowlton, George F. _963559 |
||
| 245 |
_aStudies on the beet leafhopper / _c by George F. Knowlton |
||
| 300 | _a2 p. | ||
| 500 | _aSobretiro de: Utah Academy of Sciences Proceedings 7: 57-58, 1930. Encuadernado con otros impresos similares | ||
| 650 |
_a _x HemÃpteros _x colecciones de escritos _x Circulifer tenellus _9173179 |
||
| 901 | _aPA-C 595.75 H4 | ||
| 902 | _aA | ||
| 905 | _a000000 0000000000 00 | ||
| 910 | _a | ||
| 942 | _cPARA | ||
| 942 |
_cPARA _d1 |
||
| 999 |
_c206843 _d206843 |
||